Statistics for Songs from 'Stop Making Sense'

Click here to take the quiz!

General Stats

  • This quiz has been taken 9 times
  • The average score is 12 of 16

Answer Stats

Original AlbumAnswer% Correct
Talking Heads: 77Psycho Killer
100%
Speaking in TonguesBurning Down the House
86%
Speaking in TonguesGirlfriend is Better
86%
Fear of MusicHeaven
86%
Remain in LightOnce in a Lifetime
86%
More Songs About Buildings and FoodThank You For Sending Me An Angel
86%
Remain in LightCrosseyed and Painless
71%
More Songs About Buildings and FoodFound a Job
71%
Tom Tom ClubGenius of Love
71%
Fear of MusicLife During Wartime
71%
Speaking in TonguesSlippery People
71%
More Songs About Buildings and FoodTake Me to the River
71%
Speaking in TonguesThis Must Be The Place (Naive Melody)
71%
Speaking in TonguesMaking Flippy Floppy
57%
Speaking in TonguesSwamp
57%
The Catherine WheelWhat a Day That Was
57%

Score Distribution

Percentile by Number Answered

Percent of People with Each Score

Your Score History

You have not taken this quiz